Classical mechanics /

গ্রন্থ-পঞ্জীর বিবরন
প্রধান লেখক: Goldstein, Herbert, 1922-
অন্যান্য লেখক: Poole, Charles P, Safko, John L
বিন্যাস: গ্রন্থ
ভাষা:English
প্রকাশিত: New Jersey : Pearson Education, c2002
সংস্করন:3rd ed
বিষয়গুলি:
Classic Catalogue: View this record in Classic Catalogue
LEADER 01670nam a2200313 a 4500
001 22740071
008 090526s2002 njua b 001 0 eng d
010 |a 2001027951  
020 |a 0201316110 (alk. paper) 
020 |a 8177582836  
040 |a DLC  |b eng  |c DLC  |d DLC  
082 0 0 |a 531  |2 21  
100 1 |a Goldstein, Herbert,  |d 1922-  
245 1 0 |a Classical mechanics /  |c Herbert Goldstein, Charles Poole, John Safko  
250 |a 3rd ed  
260 |a New Jersey :  |b Pearson Education,  |c c2002  
300 |a xviii, 638 p. :  |b ill. ;  |c 24 cm  
504 |a Includes bibliographical references (p. 617-621) and indexes. 
541 1 |e 00015171 
650 0 |a Mechanics, Analytic  
700 1 |a Poole, Charles P  
700 |a Safko, John L  
852 4 |a Ayesha Abed Library  |j General shelf 
999 |c 1074  |d 1074 
952 |0 0  |1 0  |2 ddc  |4 0  |6 531_GOL_200200000000000  |7 0  |9 971  |a BRACUL  |b BRACUL  |c GEN  |d 2009-06-24  |g 630.00  |l 9  |m 92  |o 531 GOL  |p 3010015171  |r 2025-09-10  |s 2025-08-27  |t 1  |v 1260.00  |w 2009-06-24  |y BK 
952 |0 0  |1 0  |2 ddc  |4 0  |6 531_GOL_200200000000000  |7 0  |9 8645  |a BRACUL  |b BRACUL  |c GEN  |d 2010-03-18  |l 9  |m 52  |o 531 GOL  |p 3010015174  |r 2025-09-23  |s 2025-06-25  |t 2  |w 2010-03-18  |y BK 
952 |0 0  |1 0  |2 ddc  |4 0  |6 531_GOL_200200000000000  |7 0  |9 8675  |a BRACUL  |b BRACUL  |c GEN  |d 2010-03-18  |l 7  |m 50  |o 531 GOL  |p 3010015172  |r 2025-09-18  |s 2025-06-17  |t 3  |w 2010-03-18  |y BK 
952 |0 0  |1 0  |2 ddc  |4 0  |6 531_GOL_200200000000000  |7 0  |9 11115  |a BRACUL  |b BRACUL  |c GEN  |d 2010-06-20  |l 18  |m 110  |o 531 GOL  |p 3010015170  |r 2025-09-17  |s 2025-06-17  |t 4  |w 2010-06-20  |y BK 
952 |0 0  |1 0  |2 ddc  |4 0  |6 531_GOL_200200000000000  |7 0  |9 12512  |a BRACUL  |b BRACUL  |c GEN  |d 2010-10-18  |l 9  |m 99  |o 531 GOL  |p 3010015173  |q 2026-03-29  |r 2025-06-23  |s 2025-06-23  |t 5  |w 2010-10-18  |y BK